Who needs Mr Darcy?
| Main Author: | |
|---|---|
| Format: | Book |
| Published: |
London :
Sphere ,
2012
|
| Subjects: |
MARC
| LEADER | 00000cam a2200000 7i4500 | ||
|---|---|---|---|
| 001 | 0000004071 | ||
| 005 | 20160126.0 | ||
| 020 | 0 | 0 | |a 9780751547047 |
| 090 | 0 | 0 | |a 823.92 |b JEAN |
| 100 | 0 | 0 | |a Burnet, Jean |
| 245 | 1 | 0 | |a Who needs Mr Darcy? |c Jean BurnetSara Aisha |
| 260 | 0 | 0 | |a London : |b Sphere , |c 2012 |
| 300 | |a 405 p. ; |c 20cm. | ||
| 650 | 0 | 0 | |a English fiction |
| 998 | |a JPSM | ||
| 999 | |a 007881 |b Monograph |c Open Shelf |e Default branch | ||